<?xml version="1.0" encoding="UTF-8"?><record xmlns="http://www.loc.gov/MARC21/slim" xmlns:zs="http://docs.oasis-open.org/ns/search-ws/sruResponse">
  <leader>03105ckm a22006377a 4500</leader>
  <controlfield tag="001">12964075</controlfield>
  <controlfield tag="005">20250606194747.3</controlfield>
  <controlfield tag="007">cr||||||||||||</controlfield>
  <controlfield tag="007">kj|co|</controlfield>
  <controlfield tag="008">010504s1872    ja nnn            knjpn  </controlfield>
  <datafield ind1=" " ind2=" " tag="035">
    <subfield code="a">12964075</subfield>
  </datafield>
  <datafield ind1=" " ind2=" " tag="906">
    <subfield code="a">7</subfield>
    <subfield code="b">cbc</subfield>
    <subfield code="c">orignew</subfield>
    <subfield code="d">u</subfield>
    <subfield code="e">ncip</subfield>
    <subfield code="f">20</subfield>
    <subfield code="g">y-printpho</subfield>
  </datafield>
  <datafield ind1=" " ind2=" " tag="955">
    <subfield code="a">LCAP batch update 2025-06-01-04:00: LCAPM-859</subfield>
  </datafield>
  <datafield ind1=" " ind2=" " tag="010">
    <subfield code="a">  2002700333</subfield>
  </datafield>
  <datafield ind1=" " ind2=" " tag="035">
    <subfield code="a">(DLC)cha2001000222/PP</subfield>
  </datafield>
  <datafield ind1=" " ind2=" " tag="035">
    <subfield code="a">(DLC)12964075</subfield>
  </datafield>
  <datafield ind1=" " ind2=" " tag="035">
    <subfield code="a">(DLC)  2002700333</subfield>
  </datafield>
  <datafield ind1=" " ind2=" " tag="037">
    <subfield code="a">LC-USZC4-10641</subfield>
    <subfield code="b">DLC</subfield>
    <subfield code="c">(color film copy transparency of 178a, right section)</subfield>
  </datafield>
  <datafield ind1=" " ind2=" " tag="037">
    <subfield code="a">LC-USZC4-10640</subfield>
    <subfield code="b">DLC</subfield>
    <subfield code="c">(color film copy transparency of 178b, center section)</subfield>
  </datafield>
  <datafield ind1=" " ind2=" " tag="037">
    <subfield code="a">LC-USZC4-10639</subfield>
    <subfield code="b">DLC</subfield>
    <subfield code="c">(color film copy transparency of 178c, leftt section)</subfield>
  </datafield>
  <datafield ind1=" " ind2=" " tag="040">
    <subfield code="a">DLC</subfield>
    <subfield code="e">gihc</subfield>
    <subfield code="c">DLC</subfield>
  </datafield>
  <datafield ind1="0" ind2="0" tag="050">
    <subfield code="a">FP 2 - Chadbourne,</subfield>
    <subfield code="b">no. 178 a, b, c</subfield>
  </datafield>
  <datafield ind1="1" ind2=" " tag="100">
    <subfield code="a">Utagawa, Yoshitora,</subfield>
    <subfield code="d">active 1850-1870,</subfield>
    <subfield code="e">artist.</subfield>
  </datafield>
  <datafield ind1="1" ind2="0" tag="242">
    <subfield code="a">Steam train at Takanawa seashore, Tokyo.</subfield>
    <subfield code="y">eng</subfield>
  </datafield>
  <datafield ind1="1" ind2="0" tag="245">
    <subfield code="a">Tōkyō Takanawa kaigan jōkisha tetsudō hashiriyuki no sen zu</subfield>
    <subfield code="h">[graphic].</subfield>
  </datafield>
  <datafield ind1=" " ind2=" " tag="260">
    <subfield code="c">[ca. 1872]</subfield>
  </datafield>
  <datafield ind1=" " ind2=" " tag="300">
    <subfield code="a">1 print on hōsho paper (3 sheets) :</subfield>
    <subfield code="b">woodcut, color ;</subfield>
    <subfield code="c">34.7 x 23.6 cm. (each block), 35.7 x 23.6 cm. (each sheet)</subfield>
  </datafield>
  <datafield ind1=" " ind2=" " tag="336">
    <subfield code="a">still image</subfield>
    <subfield code="b">sti</subfield>
    <subfield code="2">rdacontent</subfield>
  </datafield>
  <datafield ind1=" " ind2=" " tag="337">
    <subfield code="a">unmediated</subfield>
    <subfield code="b">n</subfield>
    <subfield code="2">rdamedia</subfield>
  </datafield>
  <datafield ind1=" " ind2=" " tag="338">
    <subfield code="a">sheet</subfield>
    <subfield code="b">nb</subfield>
    <subfield code="2">rdacarrier</subfield>
  </datafield>
  <datafield ind1=" " ind2=" " tag="500">
    <subfield code="a">Title from item.</subfield>
  </datafield>
  <datafield ind1=" " ind2=" " tag="500">
    <subfield code="a">Signature: Ichimōsai Yoshitora ga.</subfield>
  </datafield>
  <datafield ind1=" " ind2=" " tag="500">
    <subfield code="a">Seal date is illegible.</subfield>
  </datafield>
  <datafield ind1=" " ind2=" " tag="500">
    <subfield code="a">Triptych matted in 3 sections: right (178a), center (178b), left (178c).</subfield>
  </datafield>
  <datafield ind1=" " ind2=" " tag="500">
    <subfield code="a">Annotations, stamps, etc. on verso of print: 141; 47623a.</subfield>
    <subfield code="5">DLC</subfield>
  </datafield>
  <datafield ind1=" " ind2=" " tag="500">
    <subfield code="a">Earlier control number: 141.</subfield>
  </datafield>
  <datafield ind1="0" ind2=" " tag="520">
    <subfield code="a">Japanese triptych print shows steam railroad along the seashore, Tokyo, Japan.</subfield>
  </datafield>
  <datafield ind1=" " ind2=" " tag="540">
    <subfield code="a">No known restrictions on publication.</subfield>
  </datafield>
  <datafield ind1=" " ind2=" " tag="541">
    <subfield code="c">Gift;</subfield>
    <subfield code="a">Mrs. E. Crane Chadbourne;</subfield>
    <subfield code="d">1930;</subfield>
    <subfield code="e">(DLC/PP-1930:47623a).</subfield>
  </datafield>
  <datafield ind1=" " ind2=" " tag="580">
    <subfield code="a">Forms part of: Chadbourne collection of Japanese prints (Library of Congress).</subfield>
  </datafield>
  <datafield ind1=" " ind2="7" tag="650">
    <subfield code="a">Railroads</subfield>
    <subfield code="z">Japan</subfield>
    <subfield code="z">Tokyo</subfield>
    <subfield code="y">1870-1880.</subfield>
    <subfield code="2">lctgm</subfield>
  </datafield>
  <datafield ind1=" " ind2="7" tag="650">
    <subfield code="a">Bridges</subfield>
    <subfield code="z">Japan</subfield>
    <subfield code="z">Tokyo</subfield>
    <subfield code="y">1870-1880.</subfield>
    <subfield code="2">lctgm</subfield>
  </datafield>
  <datafield ind1=" " ind2="7" tag="650">
    <subfield code="a">Carriages &amp; coaches</subfield>
    <subfield code="z">Japan</subfield>
    <subfield code="z">Tokyo</subfield>
    <subfield code="y">1870-1880.</subfield>
    <subfield code="2">lctgm</subfield>
  </datafield>
  <datafield ind1=" " ind2="7" tag="650">
    <subfield code="a">Transportation</subfield>
    <subfield code="z">Japan</subfield>
    <subfield code="z">Tokyo</subfield>
    <subfield code="y">1870-1880.</subfield>
    <subfield code="2">lctgm</subfield>
  </datafield>
  <datafield ind1=" " ind2="7" tag="655">
    <subfield code="a">Triptychs</subfield>
    <subfield code="x">Japanese</subfield>
    <subfield code="y">1870-1880.</subfield>
    <subfield code="2">gmgpc</subfield>
  </datafield>
  <datafield ind1=" " ind2="7" tag="655">
    <subfield code="a">Woodcuts</subfield>
    <subfield code="x">Japanese</subfield>
    <subfield code="x">Color</subfield>
    <subfield code="y">1870-1880.</subfield>
    <subfield code="2">gmgpc</subfield>
  </datafield>
  <datafield ind1="0" ind2=" " tag="773">
    <subfield code="t">Chadbourne collection of Japanese prints (Library of Congress)</subfield>
    <subfield code="w">(DLC)   89711080</subfield>
  </datafield>
  <datafield ind1=" " ind2=" " tag="852">
    <subfield code="a">Library of Congress</subfield>
    <subfield code="b">Prints and Photographs Division</subfield>
    <subfield code="e">Washington, D.C. 20540 USA</subfield>
    <subfield code="n">dcu</subfield>
  </datafield>
  <datafield ind1="4" ind2="1" tag="856">
    <subfield code="3">color film transparency of 178c, left section</subfield>
    <subfield code="d">cph</subfield>
    <subfield code="f">3g10639</subfield>
    <subfield code="u">http://hdl.loc.gov/loc.pnp/cph.3g10639</subfield>
  </datafield>
  <datafield ind1="4" ind2="1" tag="856">
    <subfield code="3">color film transparency of 178b, center section</subfield>
    <subfield code="d">cph</subfield>
    <subfield code="f">3g10640</subfield>
    <subfield code="u">http://hdl.loc.gov/loc.pnp/cph.3g10640</subfield>
  </datafield>
  <datafield ind1="4" ind2="1" tag="856">
    <subfield code="3">color film transparency of 178a, right section</subfield>
    <subfield code="d">cph</subfield>
    <subfield code="f">3g10641</subfield>
    <subfield code="u">http://hdl.loc.gov/loc.pnp/cph.3g10641</subfield>
  </datafield>
  <datafield ind1=" " ind2=" " tag="985">
    <subfield code="a">pp/jpd</subfield>
  </datafield>
  <datafield ind1=" " ind2=" " tag="985">
    <subfield code="e">pp/minload</subfield>
  </datafield>
  <datafield ind1=" " ind2=" " tag="985">
    <subfield code="a">pp/diof</subfield>
  </datafield>
  <datafield ind1=" " ind2=" " tag="991">
    <subfield code="b">c-P&amp;P</subfield>
    <subfield code="h">FP 2 - Chadbourne,</subfield>
    <subfield code="i">no. 178a</subfield>
    <subfield code="m">(A size)</subfield>
    <subfield code="o">ppsd</subfield>
    <subfield code="v">obj.</subfield>
  </datafield>
  <datafield ind1=" " ind2=" " tag="991">
    <subfield code="b">c-P&amp;P</subfield>
    <subfield code="h">LC-USZC4-10641 (color film copy transparency)</subfield>
  </datafield>
</record>
